[Event "NCA-chT final"]
[Site "Managua"]
[Date "2019.11.10"]
[Round "7.3"]
[White "Leon Sandoval, Johan"]
[Black "Romero, Ariel"]
[Result "0-1"]
[WhiteElo "1603"]
[BlackElo "2193"]
[PlyCount "84"]
[EventDate "2019.10.26"]
[EventType "team-tourn"]
[EventRounds "11"]
[EventCountry "NCA"]
[SourceTitle "EXT 2021"]
[Source "ChessBase"]
[SourceDate "2020.10.23"]
[SourceVersion "1"]
[SourceVersionDate "2020.10.23"]
[SourceQuality "1"]
[WhiteTeam "Nicaragua CC"]
[BlackTeam "Olimpus Team"]
[WhiteTeamCountry "NCA"]
[BlackTeamCountry "NCA"]

1. c4 c6 2. Nc3 d5 3. cxd5 cxd5 4. d4 Nc6 5. g3 Nf6 6. Bg2 e6 7. Nf3 Be7 8. 0-0 0-0 9. a3 b6 10. b4 Bb7 11. Bb2 Rc8 12. Rc1 a6 13. Qd3 Re8 14. Rfd1 Rc7 15. e3 Qa8 16. Na4 Nd7 17. Nd2 Rec8 18. Qb3 Bf8 19. Nc3 b5 20. Bf1 Nb6 21. Nxb5 axb5 22. Bxb5 Na7 23. Rxc7 Rxc7 24. Bd3 Nac8 25. Ra1 Na4 26. Rc1 Rxc1+ 27. Bxc1 Ncb6 28. Qc2 g6 29. Nb3 Nc4 30. Nc5 Nxc5 31. bxc5 Nxa3 32. Qb3 Nc4 33. Bxc4 dxc4 34. Qxc4 Bd5 35. Qf1 h5 36. h3 Bf3 37. Kh2 Qa2 38. Qe1 Qc2 39. Ba3 Bh6 40. Bc1 Bg5 41. h4 Bxh4 42. e4 Be2 0-1

[Event "NCA-chT final"]
[Site "Managua"]
[Date "2018.11.10"]
[Round "7.4"]
[White "Salazar Cabezas, Alberto Javier"]
[Black "Romero, Ariel"]
[Result "1/2-1/2"]
[WhiteElo "1739"]
[BlackElo "2218"]
[PlyCount "72"]
[EventDate "2018.10.27"]
[EventType "team-tourn"]
[EventRounds "11"]
[EventCountry "NCA"]
[SourceTitle "EXT 2020"]
[Source "ChessBase"]
[SourceDate "2019.10.17"]
[SourceVersion "1"]
[SourceVersionDate "2019.10.17"]
[SourceQuality "1"]

1. d4 d5 2. Nf3 c6 3. e3 Nf6 4. Bd3 Bg4 5. h3 Bh5 6. 0-0 e6 7. b3 Nbd7 8. Bb2 Be7 9. Nbd2 a5 10. c4 0-0 11. Qc2 Bg6 12. Bxg6 hxg6 13. Rfe1 a4 14. Ne5 Nxe5 15. dxe5 Nd7 16. e4 dxe4 17. Rxe4 Nc5 18. Rd4 Qb6 19. Bc3 axb3 20. axb3 Rxa1+ 21. Bxa1 Rd8 22. Rxd8+ Qxd8 23. Bc3 Qd3 24. Qxd3 Nxd3 25. Kf1 f6 26. Ke2 Nc5 27. Bb4 fxe5 28. Bxc5 Bxc5 29. f3 Be7 30. Kd3 Kf7 31. Ne4 b6 32. Kc2 Ke8 33. Kd3 Kd7 34. Kc2 Kc7 35. Kd3 Kb7 36. Kc3 Kc7 1/2-1/2

[Event "NCA-chT"]
[Site "Managua"]
[Date "2015.11.22"]
[Round "5.3"]
[White "Romero, Ariel"]
[Black "Rayo Hernandez, Gustavo E"]
[Result "1-0"]
[WhiteElo "2233"]
[BlackElo "1667"]
[PlyCount "39"]
[EventDate "2015.11.14"]
[EventType "team-tourn"]
[EventRounds "9"]
[EventCountry "NCA"]
[SourceTitle "EXT 2018"]
[Source "ChessBase"]
[SourceDate "2017.10.13"]
[SourceVersion "1"]
[SourceVersionDate "2017.10.13"]
[SourceQuality "1"]
[WhiteTeam "Granados Lazaro"]
[BlackTeam "Joaking Cuadra"]
[WhiteTeamCountry "NCA"]
[BlackTeamCountry "NCA"]

1. d4 d5 2. Nf3 Nc6 3. Bf4 Nf6 4. e3 a6 5. c4 Bg4 6. Nbd2 e6 7. Be2 Be7 8. 0-0 0-0 9. Rc1 Rc8 10. h3 Bh5 11. cxd5 Qxd5 12. a3 Qd7 13. Nb3 Nd5 14. Bg3 Rfd8 15. Nc5 Bxc5 16. Rxc5 f6 17. Qb3 b5 18. Rfc1 Nde7 19. Rxh5 g5 20. Qc2 1-0

[Event "Guatemala City zt 2.32"]
[Site "Guatemala City"]
[Date "2000.08.22"]
[Round "8"]
[White "Batres, Francisco"]
[Black "Romero, Ariel"]
[Result "1/2-1/2"]
[WhiteElo "2140"]
[BlackElo "2150"]
[PlyCount "27"]
[EventDate "2000.07.14"]
[EventType "swiss"]
[EventRounds "9"]
[EventCountry "GUA"]
[SourceTitle "CBM 077 Extra"]
[Source "ChessBase"]
[SourceDate "2000.09.14"]
[SourceVersion "1"]
[SourceVersionDate "2000.09.14"]
[SourceQuality "1"]

1. e4 d5 2. Nc3 d4 3. Nce2 e5 4. d3 c5 5. g3 Nc6 6. Bg2 h5 7. Nf3 Be7 8. h4 Nh6 9. Bg5 f6 10. Bxh6 Rxh6 11. Qd2 Be6 12. a3 Qd7 13. Nfg1 0-0-0 14. f4 1/2-1/2

[Event "Guatemala City zt 2.32"]
[Site "Guatemala City"]
[Date "2000.07.16"]
[Round "3"]
[White "Romero, Ariel"]
[Black "Juarez Flores, Gustavo Enrique"]
[Result "1-0"]
[WhiteElo "2150"]
[BlackElo "2261"]
[PlyCount "107"]
[EventDate "2000.07.14"]
[EventType "swiss"]
[EventRounds "9"]
[EventCountry "GUA"]
[SourceTitle "CBM 077 Extra"]
[Source "ChessBase"]
[SourceDate "2000.09.14"]
[SourceVersion "1"]
[SourceVersionDate "2000.09.14"]
[SourceQuality "1"]

1. d4 Nf6 2. Nf3 g6 3. c4 Bg7 4. Nc3 d6 5. e4 0-0 6. Be2 e5 7. Be3 Nc6 8. d5 Ne7 9. Nd2 Nd7 10. b4 f5 11. f3 f4 12. Bf2 Nf6 13. c5 Kh8 14. Nc4 Ne8 15. Rc1 Ng8 16. cxd6 cxd6 17. Nb5 b6 18. Qa4 Bd7 19. Qa6 Nc7 20. Nxc7 Qxc7 21. 0-0 Qb8 22. Rc3 Rf7 23. Rfc1 Bf8 24. Na3 Qd8 25. Bb5 g5 26. Bxd7 Rxd7 27. Rc8 Rxc8 28. Qxc8 Qe7 29. Nb5 g4 30. Bh4 Qg7 31. fxg4 f3 32. gxf3 Qh6 33. Bf2 Rf7 34. Rc3 Be7 35. Nc7 Rf8 36. Qa6 Qd2 37. Qd3 Qxa2 38. Ne6 Rf7 39. Kg2 Qb2 40. b5 Qa1 41. Ra3 Qb2 42. Qb3 Qd2 43. Ra2 Qh6 44. Rxa7 Qg6 45. h3 h5 46. Ra1 Nf6 47. Qe3 hxg4 48. hxg4 Nxg4 49. fxg4 Qxg4+ 50. Bg3 Kg8 51. Rh1 Bh4 52. Rxh4 Rf2+ 53. Qxf2 Qh3+ 54. Kf3 1-0